MARC

LEADER 00000nam0a2200000 4500
001 273041
005 20231101234607.0
020 |a RU  |b 87-75778 
035 |a (RuTPU)RU\TPU\book\296250 
090 |a 273041 
100 |a 20141023d1987 km y0rusy5003 ca 
101 0 |a rus 
102 |a RU 
105 |a a g 001zy 
200 1 |a Ремонт теплоэнергетического оборудования  |e справочник  |f А. А. Ахтырский 
210 |a Москва  |c Стройиздат  |d 1987 
215 |a 223 с.  |c ил. 
320 |a Библиогр.: с. 219-220 
320 |a Предм. указ.: с. 221-222 
606 1 |a Котельное оборудование  |x Ремонт  |2 stltpush  |3 (RuTPU)RU\TPU\subj\15917  |9 42115 
610 1 |a справочники 
610 1 |a тепловые сети 
610 1 |a теплоэнергетическое оборудование 
610 1 |a материалы 
610 1 |a технические требования 
610 1 |a технологии 
610 1 |a оснащение 
610 1 |a механизация 
610 1 |a инструменты 
675 |a 621.182.004(035)  |z rus  |v 3 
700 1 |a Ахтырский  |b А. А.  |g Анатолий Андреевич  |4 070 
801 0 |a RU  |b RuMRKP  |c 19950417  |g psbo 
801 1 |a RU  |b 63413507  |c 20141023 
801 2 |a RU  |b 63413507  |c 20170109  |g RCR 
942 |c BK